000
00290nam a2200097Ia 4500
008
231107s2016 xx 000 0 und d
041
_a
eng
100
_a
Worpole Ken
245
_a
Contemporary Library Architecture : A Planning & Design Guide
260
_a
London
_b
Delmar Cengage Learning
_c
2016
999
_c
930433
_d
930433